TEXT BOOK OF CLINICAL EMBRYOLOGY (Record no. 29169)

MARC details
000 -LEADER
fixed length control field 00382nam a22001697a 4500
003 - CONTROL NUMBER IDENTIFIER
control field SGT
020 ## - INTERNATIONAL STANDARD BOOK NUMBER
International Standard Book Number 9788131263969
082 ## - DEWEY DECIMAL CLASSIFICATION NUMBER
Classification number 611
Item number C23S
100 ## - MAIN ENTRY--PERSONAL NAME
Personal name SINGH, VISHRAM
245 ## - TITLE STATEMENT
Title TEXT BOOK OF CLINICAL EMBRYOLOGY
250 ## - EDITION STATEMENT
Edition statement 3RD
260 ## - PUBLICATION, DISTRIBUTION, ETC. (IMPRINT)
Place of publication, distribution, etc INDIA
Name of publisher, distributor, etc ELSEVIER
Year of Publication 2023
300 ## - PAGE DESCRIPTION
No. of Pages 404
650 ## - SUBJECT ADDED ENTRY--TOPICAL TERM
Topical term or geographic name as entry element EMBRYOLOGY
653 ## - KEYWORDS--INDEX TERM
Keyword term CLINICAL, EMBRYOLOGY, ANATOMY
942 ## - ADDED ENTRY ELEMENTS (KOHA)
Source of classification or shelving scheme Dewey Decimal Classification
Koha item type Books
Holdings
Withdrawn status Lost status Source of classification or shelving scheme Damaged status Not for loan Collection code Home library Current library Shelving location Date acquired Vendor Name Cost, normal purchase price SGTU Bill Number Total Checkouts Full call number Accession No. (Barcode) Date last seen Date last borrowed Bill Date Koha item type
    Dewey Decimal Classification     AYURVEDA SGT FA-FP Library SGT FA-FP Library Text Book 18/01/2025 AHUJA PUB. 1095.00 SGTU 19920 2 611 C23S FA12624 10/06/2025 27/05/2025 21/11/2024 Books
    Dewey Decimal Classification     AYURVEDA SGT FA-FP Library SGT FA-FP Library Text Book 18/01/2025 AHUJA PUB. 1095.00 SGTU 19920   611 C23S FA12625 18/01/2025   21/11/2024 Books